[Event "Dyfed Open"]
[Site "Fishguard"]
[Date "2017.02.26"]
[Round "5"]
[White "Miller, John S"]
[Black "Van Kemenade, Rudy"]
[Result "0-1"]
[WhiteElo "1651"]
[BlackElo "1947"]
[Annotator "Rudy"]
[PlyCount "92"]
[EventDate "2017.02.24"]
[EventType "swiss"]
[EventRounds "5"]
[EventCountry "WLS"]

1. d4 d6 2. Nf3 f5 3. Bf4 Nf6 4. e3 g6 5. Nbd2 Bg7 6. c3 O-O 7. h3 Nc6 (7...
Qe8) 8. Bc4+ e6 (8... Kh8) 9. Ng5 {the N will have to retreat again, though it
is one of Komodo10's choices} (9. g4 Kh8 {has been played, 2 wins each}) 9...
Qe7 10. O-O h6 11. Ngf3 Kh7 12. Bh2 e5 13. dxe5 dxe5 14. Re1 (14. Bb5) 14... e4
15. Nd4 Ne5 16. Bf1 (16. Bxe5 Qxe5 17. Qb3 $11 {Komodo10}) 16... c5 $17 17.
Bxe5 Qxe5 18. f4 exf3 (18... Qe7 $17 {keeps a space advantage}) 19. N4xf3 Qe7 (
19... Qg3 20. Bd3 (20. e4 fxe4 21. Nxe4 Nxe4 22. Rxe4 Bxh3 23. Re7 Kh8 24. Qe1
Rxf3 25. Qxg3 Rxg3 26. Kh2 Bf8 27. Kxg3 Bxe7 28. Kxh3 Rd8 $15 {Komodo10}) 20...
b6 21. e4 (21. Nf1 Qc7 $17 {pm analysis}) 21... fxe4 22. Nxe4 Nxe4 23. Bxe4
Bxh3 24. Ng5+ Qxg5 25. Bxa8 Bg4 26. Qd5 Qf4 27. Rf1 Qe3+ 28. Kh2 Re8 29. Rae1
Be2 30. Rf3 Qe5+ 31. Qxe5 Bxe5+ 32. Kh3 Bxf3 33. Bxf3 h5 $15 {Komodo10}) 20. e4
{Wh breaks out anyway} fxe4 21. Nxe4 (21. Bd3 Bf5 22. Nxe4 Nxe4 23. Bxe4 (23.
Nd2 Rad8 $19) (23. Qc2 Rae8 24. Nd2 Qh4 25. Nxe4 c4 $19) 23... Bxe4 24. Nd2 Rf4
25. g3 Rf5 26. Rxe4 Qc7 27. Kg2 Raf8 $15 {Komodo10}) 21... Nxe4 22. Bd3 Bf5 (
22... Rf4 $1 $17 {Komodo10} 23. Nd2 (23. Qc1 Rxf3 24. Bxe4 Rf7 25. Bxg6+ Kxg6
26. Rxe7 Rxe7 $17) 23... Bxh3 24. Bxe4 Qg5 25. Bf3 Rd8 $17 {Komodo10}) 23. Qc2
(23. Bxe4 Bxe4 24. Nd2 Rf4 25. g3 c4 26. gxf4 Qc5+ 27. Kf1 Bc6 $17 {Komodo10})
23... Rae8 $19 24. g4 (24. Nd2 Qh4 25. Bxe4 (25. Nxe4 {pm analysis} c4 $19 {
Komodo10}) 25... Qf2+ 26. Kh1 Bxe4 27. Rxe4 Rxe4 28. Qxe4 Qxd2 $19) 24... Qc7 (
24... c4 $1 $19 {Komodo10} 25. gxf5 Qc5+ (25... cxd3 26. Qxd3 Qc5+ 27. Nd4 gxf5
$19) 26. Nd4 Bxd4+ 27. cxd4 Qxd4+ 28. Kh1 cxd3 (28... Nf2+ 29. Kh2 Rxe1 30.
Rxe1 Qd6+ 31. Kg1 Nxd3 $19) 29. fxg6+ Kxg6 30. Qg2+ Kh7 $19 {Komodo10}) 25.
gxf5 Qg3+ {this should wait} (25... gxf5 $19 26. Bxe4 fxe4 (26... Qg3+ 27. Qg2
Qxg2+ 28. Kxg2 fxe4 29. Nh2 Rg8 30. Kh1 Bf6 $17) 27. Nh2 Qg3+ 28. Qg2 Qh4 29.
Re2 Rf6 30. Kh1 Rg6 31. Qf1 Rf8 32. Qb1 Rf4 $19 {Komodo10}) 26. Qg2 Qxg2+ 27.
Kxg2 gxf5 28. Re2 (28. Nh4 $11 {Rudy & Komodo10} Rd8 (28... Rg8 29. Kf3 Ng5+ (
29... Rgf8 $11) 30. Kg2 Ne4 $11) 29. Rad1 Rg8 30. Kf1 Ng3+ 31. Kf2 Bf6 32.
Bxf5+ Nxf5 33. Nxf5 Kg6 34. Ng3 c4 35. Rxd8 Rxd8 36. Re2 $11) 28... Bf6 29.
Rae1 Re7 {right kind of idea, wrong execution thereof} (29... Rg8+ 30. Kh2 Ref8
$1 {missed} 31. Rg1 (31. Bxe4 fxe4 32. Rxe4 Bxc3 33. Re7+ Rg7 34. bxc3 Rxf3 35.
Rxg7+ Kxg7 36. Re7+ Rf7 37. Re6 Rf2+ 38. Kg3 Rxa2 39. Re7+ Kg6 40. Rxb7 Ra3 41.
Kg4 Rxc3 42. Rxa7 h5+ $17 {Komodo10}) 31... Rxg1 32. Kxg1 Rg8+ 33. Kh2 Re8 $15
{Komodo10}) 30. Bxe4 Rg7+ 31. Kh1 (31. Kf2 fxe4 32. Rxe4 {covers against Bh4 ch
} Rgf7 33. R1e3 $11 {Komodo10}) 31... fxe4 32. Rxe4 (32. Nd2 Bh4 33. Rg1 e3 34.
Rxg7+ Kxg7 35. Ne4 Bf2 36. Kg2 Kg6 37. Nxf2 exf2 38. Rxf2 Rxf2+ 39. Kxf2 Kf5 (
39... b5 $11) 40. Ke3 Ke5 41. c4 $11) 32... Bxc3 $17 33. Ng5+ Rxg5 34. bxc3 Rf3
(34... Kg6 35. Re6+ Kh5 36. R1e2 Rf3 37. R6e3 Rxe3 38. Rxe3 b6 39. Kh2 Rd5 $17
{Komodo10}) 35. R4e3 Rxe3 (35... Rf7 36. Re7 Kg8) 36. Rxe3 Rg7 {the idea is to
keep the Wh K cut off, while marching the Bl K up into the Q side} (36... Kg6
37. Re7 Rg3 38. Rxb7 a5 39. Rb5 Rxh3+ 40. Kg2 Rxc3 41. Rxa5 Kf5 $17 {Komodo10})
37. Kh2 b6 (37... Rd7 38. a4 Rd2+ 39. Kg3 Ra2 40. Re7+ Kg6 41. Rxb7 Rxa4 $15)
38. c4 (38. Re6 Rd7 39. a4 Kg7 40. Rc6 Rd2+ 41. Kg1 Rd3 42. Rc7+ Kf6 43. Rxa7
Rxc3 44. Rb7 Rxh3 (44... Rb3 45. a5 b5 46. a6 b4 47. Rb5 Ra3 48. Rxc5 Rxa6 49.
Rb5 Ra1+ 50. Kg2 Rb1 {and the R is in front of the pawn, not behind})) 38...
Kg8 (38... Kg6 39. Kg3 Kf5+ 40. Kf3 h5 41. Re8 Rd7 42. Kg3 Rd4 $19) 39. Re8+ (
39. Re6 Rd7 {the Bl h pawn matters less than Wh's 2 Q side pawns}) 39... Kf7
40. Rd8 Ke6 41. Rh8 Rg6 $19 (41... Ke5 42. Rxh6 Kd4 43. Rh4+ Kd3 $19) 42. Ra8 (
42. Rd8 Ke5 43. Rd5+ Kf4 (43... Ke4 44. Rd8 Ke3 45. Rd7 a5 46. a4 Rf6 47. Kg3
Rf3+ 48. Kg2 Rf4 49. Rd6 Rxc4 50. Rxh6 Rxa4 51. Rxb6 c4 $19 {pm analysis &
Komodo10}) 44. Rd7 a5 45. a4 Ke3 (45... Re6) 46. Rd5 Re6 47. Kg3 Re4 {
pmanalysis & Komodo10}) 42... a5 43. a4 (43. Rd8 {as above}) 43... Ke5 44. Rd8
Rd6 45. Rxd6 {Wh is just too slow in the pawn endgame- 10 moves to Bl's 8. But
keeping Rs leads to the Bl K getting both Q side pawns} (45. Rg8 Kd4 46. Rg4+
Kc3 47. Kg3 Kb3 48. Kf3 Kxa4 49. h4 h5 50. Rg5 Kb4 51. Rxh5 a4 (51... Kxc4 {
not yet neccessary}) 52. Rg5 a3 53. Rg2 Kxc4 54. Kf4 b5 (54... Kb3 55. Rg3+ Kb4
) 55. Rc2+ Kb4 56. Ke5 Rh6 57. Rh2 Ra6 58. Ra2 Kb3 59. Ra1 Kb2) 45... Kxd6 46.
Kg3 Ke5 0-1

[Event "Dyfed Open"]
[Site "Fishguard"]
[Date "2017.02.26"]
[Round "5"]
[White "Thomas, Roy"]
[Black "Greatorex, Roger"]
[Result "1-0"]
[WhiteElo "1718"]
[BlackElo "1820"]
[Annotator "Rudy"]
[PlyCount "85"]
[EventDate "2017.02.24"]
[EventType "swiss"]
[EventRounds "5"]
[EventCountry "WLS"]

1. f4 Nf6 2. Nf3 d6 3. d3 Nc6 4. e4 e5 5. Be2 g6 (5... Be7) (5... Bg4) 6. O-O
Bg7 7. c3 O-O 8. Na3 (8. fxe5 dxe5 9. Bg5) (8. Qe1) 8... Qe7 9. Qe1 (9. Kh1 d5
10. fxe5 Nxe5 11. Nxe5 Qxe5 12. Bf4 Qe7 13. Nb5 dxe4 14. Nxc7 exd3 15. Bf3 g5
16. Nxa8 gxf4 $15 17. Qa4 {Korning-Nielsen, Denmark corr 1973,0-1}) 9... Nh5 (
9... h6 10. Nc4 b5 11. fxe5 dxe5 12. Ne3 a6 13. a4 Bb7 14. Qh4 Rfe8 15. Bd2 Na5
{Lesney-Farkas, SVK ch tm 2008,1/2-1/2}) (9... exf4 10. Bxf4 d5 $11 {Komodo10})
10. fxe5 dxe5 11. Ng5 (11. Kh1) 11... Nf4 $15 12. Bxf4 exf4 13. Qh4 (13. Nf3 h6
14. Nd2 g5 $15 {Komodo10}) 13... h6 14. Nf3 Qxh4 (14... g5 $1 15. Qf2 a6 $15 {
Komodo10}) 15. Nxh4 a6 $11 16. d4 $6 (16. Nc2) 16... b5 (16... Nxd4 $17 17. Bc4
(17. cxd4 $2 Bxd4+ 18. Kh1 Bxb2 19. Nc4 Bxa1 20. Rxa1 Re8 $19) 17... g5 18. Nf3
Nxf3+ 19. gxf3 Bh3 $17 {Komodo10}) 17. Nf3 g5 18. Nc2 Re8 19. Bd3 Bg4 20. Rae1
Bxf3 (20... Rad8 $11) 21. Rxf3 $14 Rad8 22. g3 fxg3 23. hxg3 $16 {now the Wh
centre begins to count} Re7 24. Kg2 Nb8 25. Ne3 (25. Rf5) 25... Re6 (25... c5)
26. Ref1 Rf8 27. e5 $18 {all of Wh's pieces are poised for action} c6 28. Nf5
f6 29. Nxg7 {why give up a good N for a not so good B?} (29. Bc2 {increases
the pressure} c5 30. b4 fxe5 (30... c4 31. Be4 $18) 31. dxc5 $18) 29... Kxg7
30. Bf5 (30. g4 c5 31. Rxf6 Rexf6 32. Rxf6 Rxf6 33. exf6+ Kxf6 34. dxc5 $18 {
Komodo10}) 30... Ree8 31. e6 {its a passed pawn, but the power of the B is
dimished a little.} Re7 32. b3 a5 33. c4 Rd8 34. Rd1 bxc4 35. bxc4 c5 $2 (35...
Na6 36. Rfd3 Rd6 37. d5 Nc5 38. Rd4 h5 $16 {Komodo10; but Wh is still looking
for that breakthrough.}) 36. d5 $18 {now the pawns will be lethal} Rd6 (36...
Nc6 37. d6 Ra7 38. Re3 Ne5 39. e7 Re8 40. d7 $18 {Komodo10}) 37. Rb3 Na6 38.
Rdb1 Nb4 39. a3 Ra7 (39... Na6 40. Rb6 {and the pawns start moving}) 40. axb4
axb4 41. Re3 Re7 42. g4 $1 {no rush} (42. Ra1) 42... Ra6 43. Rd1 (43. Rd1 Rd6
44. Ra1 {zugzwang}) 1-0

[Event "Dyfed Open"]
[Site "Fishguard"]
[Date "2017.02.26"]
[Round "5"]
[White "Haigh, Tony"]
[Black "Philpin, Les"]
[Result "1-0"]
[WhiteElo "1816"]
[BlackElo "1719"]
[Annotator "Rudy"]
[PlyCount "39"]
[EventDate "2017.02.24"]
[EventType "swiss"]
[EventRounds "5"]
[EventCountry "WLS"]

1. d4 e6 2. e4 d5 3. Nd2 c5 4. exd5 exd5 5. Ngf3 c4 {a bit early, Bl lacks
development} (5... Nc6) (5... Nf6) 6. g3 (6. b3 {attacks immediately} cxb3 (
6... c3 7. Nb1 Bb4 8. a3 Qa5 9. Bb5+ (9. axb4 {is quite playable} Qxa1 10. Ba3
(10. Bb5+ Nc6 11. Ba3 a6 12. Bxc6+ bxc6 13. O-O $11 {Komodo10}) 10... a6 11.
Bd3 Bg4 12. O-O $11 {Adla-Dominguez Santos, Nigran op 1997,1-0}) 9... Bd7 10.
Qe2+ Ne7 11. Bxd7+ Nxd7 12. O-O Nf6 13. Bg5 (13. axb4 Qxa1 14. Ba3 $18 {
Komodo10}) 13... Ne4 14. axb4 Qc7 15. Bxe7 Qxe7 16. Qb5+ {Crapulli-Schiller,
LSS email 2014,1-0}) 7. axb3 $14 {main line}) (6. c3 {also played}) 6... Nf6 (
6... Nc6 7. Bg2 Qe7+ $1 8. Kf1 $11 (8. Qe2 Nb4 9. Qxe7+ Bxe7 10. Kd1 Bf5 11.
Ne1 Nf6 $15 12. Nf1 (12. c3 Nd3 13. Nxd3 Bxd3 14. Nf3 Be4 15. Ne1 Bf5 16. Nc2
O-O-O $11 {Fang-Ali Marandi, Moscow Dvorkovich cup U16, 2012,1/2-1/2}) 12...
Ne4 (12... Rd8 $15 {Cloud Engines}) 13. Ne3 Be6 14. c3 Nxf2+ 15. Ke2 Nxh1 16.
cxb4 Nxg3+ 17. hxg3 Bxb4 (17... O-O-O $15) 18. Nxd5 $11 {Scholz-Gurevich,
Bundesliga 2003,1-0}) 8... Qf6 9. c3 Bd6 10. Kg1 Nge7 11. Nf1 h6 12. Ne3 O-O {
Levushkina-Eichner, Erfurt op 2014,0-1}) 7. Bg2 Be7 8. O-O O-O 9. Re1 (9. Ne5
Nc6 10. c3 Bf5 11. Re1 h6 12. Ndxc4 $16 {Haines-Cornelius, Northern California
Masters, Berkeley 1990,1/2-1/2}) 9... Re8 $11 10. Nf1 (10. b3) 10... Ne4 11.
N3d2 (11. Ne5 $14) 11... Nxd2 (11... Nf6 $11) 12. Nxd2 (12. Bxd2 Nc6 13. Ne3
Be6 14. c3 $14 {Komodo10}) 12... Be6 13. c3 Nc6 (13... Nd7 14. Nf1 Nf6 $11 {
Komodo10}) 14. b3 (14. Nxc4 dxc4 15. d5 Bd7 16. dxc6 Bxc6 17. Bxc6 Qxd1 18.
Rxd1 bxc6 19. Be3 $14 {Komodo10; makes a mess of the Bl pawns, but may not be
enough to win}) 14... b5 (14... cxb3 15. axb3 Qd7 16. Nf1 Bg4 17. Qd2 Bh3 18.
Bh1 b5 19. Ne3 Be6 20. Ra6 $14 {Komodo10}) 15. bxc4 bxc4 16. Nxc4 $16 Rc8 (
16... Nxd4 17. Qxd4 dxc4 18. Bxa8 Qxa8 19. Rxe6 $1 {simplest,rather than give
Bl some attacking chances} (19. Qe4 $16 {Komodo10}) 19... fxe6 20. Qxc4 $16)
17. Ne3 Na5 18. Bd2 Bf6 (18... Qd7 19. Rc1 $16 {though Wh may have some
difficulties with a backward c pawn & subsequent bad B}) 19. Nxd5 $1 $18 {
[%emt 0:00:05] the N strikes again, destroying the cetre Bl had put in place
on move} Bxd5 20. Rxe8+ 1-0

[Event "Dyfed Open"]
[Site "Fishguard"]
[Date "2017.02.26"]
[Round "5"]
[White "Leah, Howard"]
[Black "Bridges, Paul"]
[Result "0-1"]
[WhiteElo "1518"]
[BlackElo "1781"]
[Annotator "Rudy"]
[PlyCount "72"]
[EventDate "2017.02.24"]
[EventType "swiss"]
[EventRounds "5"]
[EventCountry "WLS"]

1. e4 c5 2. Nc3 e6 3. d3 Nc6 4. g3 Nf6 5. Bg2 Be7 6. f4 d6 (6... d5) 7. Nf3 O-O
8. O-O a6 9. Ne2 Rb8 (9... Qc7) 10. c3 Bd7 (10... b5 11. Bd2 Bb7 12. Qc2 Qb6
13. Kh1 b4 14. h3 a5 15. g4 {Lang-Beising, Passau op 1999,1-0}) (10... d5 11.
e5 Ne8 12. h4 Qc7 13. Be3 b5 14. Rc1 Bd7 15. d4 {Stojadinovic-Schweisgut, Bad
Zwesten op 2006, 1-0}) 11. Ne1 (11. e5 dxe5 12. fxe5 Nd5 13. c4 Nc7 14. Be3 $14
{Komodo10}) (11. h3 b5 12. g4 {looks consistent for both sides}) 11... g6 {
stops f5 for the moment, but best not to move the pawns on the side where you
are under attack.} (11... Re8) 12. Kh1 b5 13. Qc2 (13. h3) (13. Nc2 d5 14. Ne3
{Komodo10}) 13... Rc8 14. Bh3 Ne8 15. f5 $5 (15. Nf3 f5 16. Bg2 Nf6 17. Neg1
$11 {Komodo10}) 15... exf5 16. Bh6 Ng7 (16... fxe4 17. Bxd7 Qxd7 18. Bxf8 exd3
19. Nxd3 Bxf8 $15 {Komodo 10 Bl gets two pawns for the exchange}) 17. exf5 Re8
(17... Bg5 18. Bxg7 (18. Bxg5 Qxg5 19. Nf4 Nxf5 $17) 18... Kxg7 19. Nf3 Ne5 20.
Nxg5 Qxg5 21. f6+ Kh8 22. Nf4 Bc6+ 23. Bg2 Bxg2+ 24. Nxg2 Rfe8 $15 {Komodo10})
18. Bxg7 Kxg7 19. Nf4 $11 Ne5 20. Nd5 (20. Neg2) 20... Bc6 21. Bg2 Ng4 22. Qe2
(22. Qd1 Nf6 23. Nxf6 Bxf6 24. Bxc6 Rxc6 25. Nc2 d5 $15 {Komodo10}) 22... Nf6
23. Nxe7 Rxe7 (23... Qxe7 24. Qxe7 Rxe7 25. Bxc6 Rxc6 26. Kg1 b4 $15 {Komodo10}
) 24. Qd1 (24. Qf2 $11) 24... Qc7 (24... Qe8) 25. Bxc6 Qxc6+ 26. Ng2 Rce8 $17
27. Qf3 (27. Rf2) 27... Qxf3 28. Rxf3 g5 $19 {control of the e file leads to R
expansion into Wh's position} 29. Raf1 Re2 30. R3f2 Ng4 31. f6+ Kg6 32. Rf3
Rxb2 33. h3 Ree2 34. Ne1 Nf2+ (34... Nh2) 35. R1xf2 Rxf2 36. Re3 Rf1# 0-1

[Event "Dyfed Open"]
[Site "Fishguard"]
[Date "2017.02.26"]
[Round "5"]
[White "Allford, Zane"]
[Black "Jansen van Rensburg, Leon"]
[Result "1-0"]
[WhiteElo "1771"]
[BlackElo "1700"]
[Annotator "Rudy"]
[PlyCount "108"]
[EventDate "2017.02.24"]
[EventType "swiss"]
[EventRounds "5"]
[EventCountry "WLS"]

1. e4 d6 2. f4 Nf6 3. Nc3 g6 4. Nf3 Bg7 5. Bc4 O-O 6. O-O c5 (6... Nxe4 {main,
destroys the centre & equalises}) 7. d3 Ng4 $2 $146 {there is nothing to
attack, so just wastes 2 tempi} (7... Nc6 {the natural move} 8. Qe1 Nd4) 8. h3
Nf6 9. Qe1 Nc6 10. Qh4 Nd4 11. Nxd4 (11. f5 gxf5 12. Bh6 {[%eval 1003,0] is a
more immediate attacking line; Komodo10 &}) 11... cxd4 12. Ne2 (12. Nd5) 12...
d5 13. exd5 Nxd5 $11 14. Bxd5 Qxd5 $17 15. Qxe7 $6 Bf5 (15... Bxh3 16. gxh3
Rae8 17. Qg5 Qxg5+ 18. fxg5 Rxe2 19. Rf2 Rxf2 20. Kxf2 Rc8 $17 {both Engines})
(15... Be6 16. Rf2 Rac8 17. Ng3 f5 18. b3 Rfe8 19. Qb4 Bd7 $15 {Komodo10}) 16.
Ng3 Rfe8 17. Nxf5 Qxf5 (17... gxf5 18. Qh4 Rac8 19. Rf2 Rc6 20. Kh2 Re1 $17 (
20... Rh6 21. Qg5 Re1 $17 {Wh is a pawn up for the moment , but severely
underdeveloped})) 18. Qxb7 Rac8 $11 19. Qb3 Re2 $15 20. Rf2 Qh5 (20... Rxf2 21.
Kxf2 Qa5 22. Kf1 Bf8 $15 {how is Wh going to get his pieces out?} 23. c3 dxc3
24. bxc3 Rxc3 (24... Qf5 25. c4 Rd8 26. g4 Qf6 27. Rb1 Bc5 28. Rb2 h5 $15 {
Komodo10}) 25. Bd2 Rxb3 26. Bxa5 Rxd3 $11 {Komodo10; only by giving back the
material}) 21. Bd2 $16 {Bl has missed his chance now the B is out} Rce8 (21...
Rxf2 22. Kxf2 Bf6 23. Re1 $16) 22. Rxe2 Rxe2 23. Qb8+ Bf8 24. Bb4 $18 Qh6 25.
Bxf8 (25. Re1 $1 {both Engines, Re8 if Bl avoids a R swap} Rxe1+ 26. Bxe1 Qg7 (
26... Kg7 27. Bf2 $18) 27. Bb4 {and Wh can simply swap the pieces & win with
the pawns if he chooses- simplest}) 25... Qxf8 26. Qxf8+ Kxf8 27. Rc1 {its
best to get Rs active rather than guarding weak pawns} (27. Rf1 Rxc2 28. Rf2
Rc1+ 29. Kh2 Rd1 $11 {though doesnt improve things}) 27... h5 28. b4 Ke7 29. a4
(29. Kf1 $1 Rd2 30. Re1+ Kd7 31. Re2 $18 {Komodo10}) 29... Kd6 30. c3 Rd2 (
30... Ra2 31. c4 Rxa4 32. Rb1 Ra2 $14 {Komodo10}) 31. cxd4 Rxd3 32. Rc4 (32. b5
Rxd4 33. Rc6+ Kd5 34. Ra6 Rxf4 35. Rxa7 $16 {Komodo10;} Kc5 36. Rc7+ Kb6 37.
Rc6+ Ka7 38. Ra6+ Kb7 39. g3 Rc4 40. h4 Rb4 41. Kg2 Kc8 42. Kf3 $18 {& life
gets very difficult for Bl} Kb7 43. Rf6 Rxa4 44. Rxf7+ Kc8 45. Rf6 g5 46. hxg5
Rg4 47. g6 Kc7 48. Rf7+ Kb6 49. Rf5 Kc7 50. Rxh5 Rxg6 51. g4 $18) 32... Kd5 33.
Rc7 Ke6 (33... Rxd4 34. Rxf7 Ke4 $1 35. a5 (35. Rxa7 Rxb4 36. Kh2 Kxf4 {with
good drawing chances for Bl}) 35... Rxb4 36. Rf6 Ra4 37. a6 Ke3 38. Kh2 Rxf4
39. Rxg6 Ra4 40. Rf6 $16 h4 41. Rh6 Kd3 42. Rh7 Rxa6 43. Rxh4 {and Wh has
excellent winning chances with 2 connected pawns against one}) 34. Rxa7 $18 {
the 2 outside pawns are even more dangerous now that the K has gone further
away} Rxd4 35. b5 (35. Rb7 $1 {is the most accurate, stopping the R from
easily getting behind the pawns} Rxf4 36. a5 Kd5 37. a6 Kc6 38. Rb8 Rc4 39. a7
Rc1+ 40. Kh2 Ra1 41. a8=Q+ $18) 35... Rxf4 (35... Rb4 {lasts longer} 36. g3 (
36. Kf2 Rxf4+ 37. Ke3 Rb4 38. Kd3 g5 39. Kc3 Rb1 40. Kc4 Rc1+ 41. Kb4 Rb1+ 42.
Ka5 {& the K shephard a Wh pawn through long before Bl can be any threat on
the other wing}) 36... Kf5 37. Rxf7+ (37. Kf2) 37... Ke4 38. Kf2 Rxa4 39. Re7+
Kf5 40. Re5+ Kf6 41. h4 Kg7 42. Rg5 {& the Wh K wanders over to support the b
pawn forward}) 36. a5 Kd6 37. b6 Ra4 (37... h4 $1) 38. Rxf7 (38. b7 Kc7 39. a6
Rb4 40. Ra8 Rb2 41. Rc8+ Kd7 42. b8=Q {simplest}) 38... Rxa5 39. Rf6+ Kd7 40.
Rxg6 Kc8 41. Rh6 Kb7 42. Kf2 Rg5 43. g3 Rf5+ 44. Ke3 Re5+ 45. Kf4 Rc5 46. g4 (
46. Rf6 Rc3 47. h4 Rc5 48. Rf5 Rc4+ 49. Kg5 Rg4+ 50. Kxh5 Rxg3 51. Rf6 Rg1 52.
Rg6 {is another way}) 46... Rc4+ 47. Kg5 hxg4 48. hxg4 Rc5+ 49. Kh4 Rc4 50. Rf6
(50. Kh5 {also}) 50... Rb4 51. Kh5 Rb5+ 52. g5 Kc8 53. Kh6 Kd8 54. g6 Ke8 1-0

[Event "Dyfed Open"]
[Site "Fishguard"]
[Date "2017.02.26"]
[Round "5"]
[White "Di-Vetta, Andrew"]
[Black "Probert, Malcolm"]
[Result "1-0"]
[WhiteElo "1604"]
[BlackElo "1598"]
[Annotator "Rudy"]
[PlyCount "91"]
[EventDate "2017.02.24"]
[EventType "swiss"]
[EventRounds "5"]
[EventCountry "WLS"]

1. e4 c6 2. d4 d5 3. e5 g6 4. Bd3 h5 5. f4 (5. Ne2) (5. Nf3) 5... Nh6 6. Nf3
Bg4 7. h3 Bxf3 8. Qxf3 e6 9. Be3 Nf5 10. Nd2 $146 {Komodo10} (10. Bxf5 gxf5 11.
Nc3 Bb4 12. Bd2 Bxc3 13. Bxc3 Nd7 14. O-O-O {Vonach-Bauer, Meran cup Gold 2009,
1/2-1/2}) (10. Bf2 h4 (10... Qb6 11. Bxf5 Qxb2 12. Qb3 Qxb3 13. axb3 gxf5 14.
Bh4 c5 {Tung-Argandona Riveira, San Sebastian Primavera op 2006,0-1}) 11. Nc3 {
transposes to many games}) 10... Nd7 11. c3 Qb6 12. Rb1 (12. O-O-O) 12... Nxe3
13. Qxe3 c5 $11 14. Ke2 (14. O-O) 14... Bh6 15. Nf3 c4 16. Bc2 Nf8 17. Ba4+ Ke7
18. g4 Nh7 (18... Nd7 $11) 19. g5 (19. Bc2 $16 Nf8 20. Qf2 Qd8 (20... Bxf4 21.
g5 h4 22. Nd2 Bxg5 23. Rhg1 Nh7 24. Nf3 Bf4 25. Nxh4 g5 26. Ng2 Bxe5 27. dxe5
Qxf2+ 28. Kxf2 Nf8 29. Kg3 Nd7 30. Rbe1 $16 {Komodo10}) 21. gxh5 Kd7 22. Ng5
$16 {Komodo10}) 19... Bg7 $11 20. Qd2 Qa6 21. Bc2 b5 (21... Qxa2 22. Ra1 Qxb2
23. Rhb1 {wins Q}) 22. a4 Rhb8 23. Ra1 bxa4 24. Rxa4 Qc6 25. Rha1 (25. Qc1 Kf8
26. Qa1 Kg8 27. Rb1 Nf8 $11 {Komodo10}) 25... Rxb2 (25... a6) 26. Rxa7+ Rxa7
27. Rxa7+ Rb7 28. Rxb7+ (28. Ra8 Rb2 29. Rg8 Bf8 30. Qc1 Qb7 31. Nd2 $16 {Wh
will win the N on h7 then play RxB & be 2 pieces for a R}) 28... Qxb7 $11 29.
Qc1 Kd8 30. Qa3 Bf8 (30... Nf8) 31. Qa5+ Kc8 (31... Qc7 32. Qb5 Qd7 33. Qb8+
Qc8 34. Qb1 Qa6 (34... Ba3 35. Qb5 Bc1 36. Ba4 Kc7 37. Nd2 $18 {eventually wh
will get to the pawn on f7 & then others will fall}) 35. Bxg6 fxg6 36. Qxg6 Qa5
37. Kf2 Qxc3 38. Qxe6 $18 {Komodo10}) 32. Ba4 $18 Be7 33. Bb5 (33. Be8 Bd8 34.
Qc5+ Kb8 35. Qb5 Bb6 36. Qd7 Qxd7 37. Bxd7 Nf8 38. Be8 Kc8 39. Bxf7 Ba5 40. Kd2
Kd7 41. Nh4 $18 {Komodo10}) 33... Qc7 34. Qxc7+ (34. Qa8+ Qb8 35. Qxb8+ Kxb8
36. Be8 {keeps the K a little further away}) 34... Kxc7 35. Be8 Nf8 36. Bxf7
Ba3 37. Kd2 Kd7 38. Nh4 Ke7 39. Bxg6 Nxg6 40. Nxg6+ Kf7 41. Nh4 (41. f5 exf5
42. Nf4 h4 43. Nxd5 Kg6 44. e6 Kxg5 45. e7 Bxe7 46. Nxe7 f4 (46... Kf4 47. Ke2
Kg3 48. d5 (48. Nxf5+ Kxh3 49. Kf3 Kh2 50. Nxh4)) 47. Ke2 $18 {Komodo10}) 41...
Kg7 42. f5 exf5 43. Nxf5+ Kg6 44. Ne3 Kxg5 45. Nxd5 Kh4 46. Nb4 (46. Nf4) 1-0

[Event "Dyfed Open"]
[Site "Fishguard"]
[Date "2017.02.26"]
[Round "5"]
[White "Jones, Huw"]
[Black "Orton, Paul"]
[Result "1/2-1/2"]
[WhiteElo "1707"]
[BlackElo "1617"]
[Annotator "Rudy"]
[PlyCount "33"]
[EventDate "2017.02.24"]
[EventType "swiss"]
[EventRounds "5"]
[EventCountry "WLS"]

1. d4 Nf6 2. Bg5 g6 3. Bxf6 exf6 4. e3 d5 5. c4 Be6 (5... dxc4 6. Bxc4 Bg7 {
main}) 6. cxd5 Qxd5 (6... Bxd5 7. Nc3 f5 8. Nge2 c6 9. Nf4 Bb4 10. Be2 {
Meszaros-Bednay, Papp Bela mem, Budapest 1999,1-0}) 7. Nc3 Bb4 (7... Qa5 $11 8.
d5 Bd7 9. Bc4 Bb4 10. Nge2 O-O 11. h4 {Finszter-Komlosi, HUN ch tm 20121,1-0})
8. Nf3 (8. Nge2 $14 {Deep Fritz14 & Komodo10}) 8... O-O 9. Be2 Qa5 10. Qc2 c5
11. O-O Bxc3 (11... cxd4 12. Nxd4 Bxc3 13. bxc3 Nd7 $11 {both Engines}) 12.
Qxc3 Qxc3 13. bxc3 cxd4 14. Nxd4 (14. cxd4 $14) 14... Re8 (14... Nd7) 15. Rab1
Bd5 16. c4 Be4 17. Rb2 1/2-1/2

[Event "Dyfed Open"]
[Site "Fishguard"]
[Date "2017.02.26"]
[Round "5"]
[White "Whale, Michael"]
[Black "Jones, Dewi"]
[Result "1-0"]
[WhiteElo "1788"]
[BlackElo "1534"]
[Annotator "Rudy"]
[PlyCount "91"]
[EventDate "2017.02.24"]
[EventType "swiss"]
[EventRounds "5"]
[EventCountry "WLS"]

1. e4 d5 2. exd5 Qxd5 3. Nc3 Qa5 4. d4 c6 5. Bd2 Bf5 6. Nf3 e6 7. Be2 (7. Bc4)
7... Nd7 8. O-O Ngf6 9. a3 Qc7 10. g3 $146 (10. b4) (10. h3) (10. Nh4) 10...
Bd6 11. b4 O-O 12. Nh4 (12. Na4 Ne4 13. Bd3 Rad8 14. Re1 Ndf6 15. Nc5 Nxd2 16.
Qxd2 b6 $11 {Komodo10}) 12... Ne4 (12... Bh3 13. Re1 Rfe8 $14) 13. Nxf5 Nxc3 (
13... exf5 14. Nxe4 fxe4 15. c4 Nf6 16. Re1 $14 {Komodo10}) 14. Nh6+ $1 gxh6
15. Bxc3 $16 {Bl's K side is damaged & Wh has 2 Bs to train on it} f5 16. f4 (
16. Bc4 Rae8 17. Re1 Rf6 18. Qh5 $16 {Komodo10}) 16... Nf6 17. Bd3 Nd5 18. Bd2
Qg7 19. c3 Kf7 {to use the g file for attack, but the K is a little vulnerable
here} (19... Rae8 $14) 20. Qf3 Rg8 21. Kh1 Qg4 22. Qxg4 (22. Qg2 h5 23. c4 Nf6
24. d5 $16 {opens up the centre for the Bs & where the Bl K is}) 22... Rxg4 23.
Be2 Rg6 {still in attack mode, when defence is needed} (23... Rgg8 24. Bh5+ Ke7
25. c4 Nf6 26. Bf3 $16 {Komodo10}) 24. Bh5 $16 Rag8 25. a4 (25. c4) 25... Nc7 (
25... Nf6 {forces the B}) 26. Rae1 Ke7 (26... Ne8) 27. Bxg6 hxg6 28. h4 (28. c4
Ne8 29. b5 $18 {opens lines for the Wh Rs}) 28... h5 29. c4 $18 Kd7 30. Rf2 Re8
31. Rfe2 Bf8 32. b5 Bg7 33. Be3 Bh8 34. Bf2 Bf6 35. Kg1 Bh8 36. Kf1 Bf6 37.
bxc6+ bxc6 38. Rb1 Bd8 39. Reb2 (39. Rb7) 39... a6 40. Rb7 Kd6 41. Rb8 (41. Ra7
Kd7 42. Be1 {Komodo10}) 41... Kd7 42. R1b7 Ke7 43. Be1 Kd6 44. Ba5 Kd7 45. Bxc7
Bxc7 46. Rxc7+ (46. Rxe8) 1-0